HARVARD BUSINESS REVIEW ON REBUILDING YO (Record no. 17741)

MARC details
000 -LEADER
fixed length control field 00384nam a2200145Ia 4500
008 - FIXED-LENGTH DATA ELEMENTS--GENERAL INFORMATION
fixed length control field 240624s9999 xx 000 0 und d
041 ## - LANGUAGE CODE
Language code of text/sound track or separate title eng
082 ## - DEWEY DECIMAL CLASSIFICATION NUMBER
Classification number 658.4012 HAR
100 ## - MAIN ENTRY--PERSONAL NAME
Personal name HARVARD BUSINESS PRESS
245 ## - TITLE STATEMENT
Title HARVARD BUSINESS REVIEW ON REBUILDING YO
250 ## - EDITION STATEMENT
Edition statement 11
260 ## - PUBLICATION, DISTRIBUTION, ETC.
Date of publication, distribution, etc. 2011
Place of publication, distribution, etc. Boston
Name of publisher, distributor, etc. Harvard Business Press
300 ## - PHYSICAL DESCRIPTION
Extent 278 : p. : cm. ; 20
365 ## - TRADE PRICE
Currency code RS
Price amount 27
Holdings
Withdrawn status Lost status Damaged status Not for loan Home library Current library Shelving location Date acquired Source of acquisition Cost, normal purchase price Full call number Barcode Date last seen Copy number Price effective from Koha item type
        IMTN IMTN Rack 28-B 09/13/2011 BWE 595.00 658.4012 HAR 17741 06/24/2024 1 06/24/2024 Books
Designed & Maintained by: LRC IMT Nagpur Contact: lrc@imtnag.ac.in© 2024. All Rights Reserved.